00342pab a2200133 454500008004000000100001600040245004300056260000900099300001100108362000900119650001500128700001700143773004800160180718b1988 xxu||||| |||| 00| 0 eng d aEden, Colin aAction - oriented strategic management c1988 a889-99 aOct. aManagement aChris Huxham aJournal of the Operational Research Society